Miasta w województwie wielkopolskim z mapą - Statystyki

Ogólne statystyki
  • Ten quiz został rozwiązany 146 razy
  • Średni wynik to 41 z 119
Odpowiedzi na mapie
Odpowiedzi zakodowano w zielono-czerwonej skali na mapie do tego quizu, zgodnie z poniższymi procentami.
 
Statystyki odpowiedzi
Miasto Liczba Mieszkańców % Poprawnych
Poznań 540.146
98%
Konin 67.596
86%
Leszno 60.313
86%
Piła 74.530
86%
Gniezno 63.932
83%
Kalisz 93.681
81%
Ostrów Wielkopolski 69.477
73%
Środa Wielkopolska 24.364
69%
Września 31.769
69%
Koło 19.555
67%
Jarocin 26.316
65%
Śrem 28.060
65%
Oborniki 17.305
63%
Złotów 18.193
63%
Rawicz 19.805
61%
Swarzędz 28.392
60%
Turek 24.659
60%
Czarnków 9.992
59%
Luboń 32.801
58%
Kępno 13.618
57%
Krotoszyn 28.231
57%
Kościan 23.501
55%
Pleszew 16.599
55%
Wągrowiec 25.409
55%
Gostyń 19.932
54%
Chodzież 17.849
53%
Nowy Tomyśl 13.702
53%
Ostrzeszów 13.687
53%
Szamotuły 18.342
52%
Trzcianka 18.300
52%
Słupca 13.025
51%
Wolsztyn 12.012
49%
Międzychód 10.033
48%
Kórnik 8.150
45%
Kostrzyn 9.860
45%
Puszczykowo 9.316
45%
Grodzisk Wielkopolski 15.140
43%
Mosina 14.460
43%
Wronki 10.512
43%
Krzyż Wielkopolski 5.915
39%
Murowana Goślina 10.268
39%
Pobiedziska 9.843
36%
Buk 5.537
35%
Zbąszyń 7.074
33%
Rogoźno 10.817
31%
Ujście 3.385
31%
Opalenica 9.319
30%
Pniewy 8.114
30%
Jastrowie 8.294
29%
Koźmin Wielkopolski 6.130
29%
Stęszew 5.905
29%
Czempiń 5.127
28%
Kłodawa 5.890
28%
Skoki 4.755
28%
Ślesin 3.106
28%
Bojanowo 2.802
25%
Budzyń 4.650
25%
Okonek 3.651
25%
Pyzdry 2.958
25%
Wieleń 5.718
25%
Książ Wielkopolski 2.557
24%
Nowe Skalmierzyce 4.631
24%
Opatówek 3.508
24%
Sieraków 5.812
24%
Borek Wielkopolski 2.440
23%
Odolanów 4.955
23%
Śmigiel 5.571
23%
Trzemeszno 7.305
23%
Wyrzysk 5.088
23%
Kaczory 2.783
22%
Miejska Górka 3.083
22%
Nekla 3.829
22%
Rydzyna 2.905
22%
Gołańcz 3.191
20%
Golina 4.321
20%
Margonin 2.989
20%
Tuliszków 3.052
20%
Witkowo 7.467
20%
Grabów nad Prosną 1.901
19%
Jutrosin 1.871
19%
Obrzycko 2.383
19%
Rychwał 2.366
19%
Szamocin 3.906
19%
Zduny 4.340
19%
Chocz 1.635
18%
Czerniejewo 2.549
18%
Dobra 1.341
18%
Dobrzyca 2.935
18%
Kłecko 2.527
18%
Lwówek 2.931
18%
Miasteczko Krajeńskie 1.079
18%
Miłosław 3.428
18%
Ostroróg 1.845
18%
Rakoniewice 3.621
18%
Sulmierzyce 2.744
18%
Jaraczewo 1.373
17%
Kleczew 3.899
17%
Koźminek 1.835
17%
Krobia 4.495
17%
Osieczna 2.448
17%
Wysoka 2.515
17%
Żerków 2.086
17%
Dolsk 1.571
16%
Kobylin 3.192
16%
Krajenka 3.514
16%
Łobżenica 2.799
16%
Mikstat 1.696
16%
Rychtal 1.347
16%
Mieścisko 2.362
14%
Pogorzela 2.029
14%
Sompolno 3.341
14%
Stawiszyn 1.364
14%
Wielichowo 1.671
14%
Dąbie 1.716
13%
Krzywiń 1.664
13%
Poniec 2.912
13%
Raszków 2.092
13%
Zagórów 2.755
12%
Przedecz 1.516
10%
Nie znaleziono quizów pasujących do podanych kryteriów
Rozkład punktacji
Procent ludzi z każdym wynikiem
Percentyl według liczby udzielonych odpowiedzi
Twoja historia wyników
Nie rozwiązałeś tego quizu